Statistics for Guess a European City #2

Click here to take the quiz!

General Stats

  • This quiz has been taken 45 times
  • The average score is 15 of 21

Answer Stats

QuestionHintAnswer% Correct
A city in central Italy, above the Arno, at the foot of the Apennines, the capital of TuscanyFFlorence
98%
The city is situated at the foot of Mount VesuviusNNaples
93%
The city has a concentric layout with starry boulevards. Its axis is the indented valley of the Seine, which divides the city into two parts: Rive Droite and Rive GauchePParis
93%
The birthplace of Antoine de Saint-ExupéryLLyon
88%
The largest city in the country, located in its central part, in Mazovia, on the Vistula River.WWarsaw
88%
The formal capital of Poland until 1795 and the coronation city and necropolis of Polish kingsKKraków
86%
The city is situated on numerous swampy islands in the Adriatic Sea. Around the city is the Lagoon, entered on the UNESCO World Heritage ListVVenice
84%
The characteristic shape of the Hallgrímskirkja church towers over the townRReykjavík
79%
The birthplace of Marco Van BastenUUtrecht
77%
Since 2001, the city has been hosting the British Speedway Grand Prix at the Millennium StadiumCCardiff
72%
The club from this English city won the EUFA Cup in 1981IIpswich
72%
A city in Russia, in the northern part of the Kola Peninsula. A non-freezing port on the Kola Bay (Barents Sea), close to the border with Norway and FinlandMMurmansk
72%
A city in North Netherlands, the capital of the province of the same nameGGroningen
70%
The capital of the smallest federal state of GermanyBBremen
65%
The birthplace of Kimi RäikkönenEEspoo
65%
One of the most precious gems of Spanish architecture. Many famous people and artists were born or lived in this city, incl. Al-Zarkali, Garcilaso de la Vega, Alfons X the Wise, and El GrecoTToledo
65%
A bathing beach on the Costa Blanca, located at the foot of a rocky hill on which Castillo de Santa Bárbara rises.AAlicante
56%
In Game of Thrones, King's Landing is mapped in this cityDDubrovnik
49%
Formula 1 driver Fernando Alonso comes from this cityOOviedo
49%
In 2008, the historic center of this city, along with Monte Titano, was included in the UNESCO World Heritage ListSSan Marino
49%
Town in Sweden, the first four letters of this town begin with a town name in the RuhrHHammarby
12%

Score Distribution

Percentile by Number Answered

Percent of People with Each Score

Your Score History

You have not taken this quiz